000 00344 a2200169 4500
001 189314
020 _a85-00-01044-4
040 _cMagnum
100 _aEngelberg, Stephen
240 1 0 _aGermes
_lpor
245 1 0 _aGermes
300 _a487
362 0 _a2002
440 1 _aEdiouro
697 _aLITERATURA GERAL ESTRANGEIRA
942 _cBK
999 _c189314
_d189314